000 01356nam a2200217 a 4500
008 060316s1984 ||||||||||||||||| || u
020 _a0070624267
050 _aT 58.8 Sum
100 _aSumanth, David J
245 1 0 _aProductivity engineering and management : productivity measurement, evaluation, planning, and improvement in manufacturing and service organizations
260 _aNew York :
_bMcGraw-Hill
_c1984
300 _axx, 547 p. : ill.
350 _a0.00
500 _aIncludes index. -Bibliography: p. 525-538.
650 _aINDUSTRIAL PRODUCTIVITY
995 _aMAIN LIBRARY OPEN ACCESS
_D0.00
_e716383
_FCBU-MAIN LIBRARY (Kitwe)
_H1
_I37.95
_jT 58.8 Sum
_M1
_UAVAILABLE
_y016240
_ZMain Library Open Access Collection
995 _aMAIN LIBRARY OPEN ACCESS
_D0.00
_e713956
_FCBU-MAIN LIBRARY (Kitwe)
_H2
_I37.95
_jT 58.8 Sum
_M1
_UAVAILABLE
_y016239
_ZMain Library Open Access Collection
995 _aTEXTBOOKS (SBE)
_D0.00
_e5228
_FCBU-SCHOOL TEXTBOOK COLLECTIONS
_H1
_I0.00
_jSCHOOL TEXTBOOK
_M5
_UAVAILABLE
_WSep 2, 2009
_y5228
_ZSchool Collections
995 _aTEXTBOOKS (SBE)
_D0.00
_e2690
_FCBU-SCHOOL TEXTBOOK COLLECTIONS
_H1
_I0.00
_jSCHOOL TEXTBOOK
_M3
_UAVAILABLE
_WNov 20, 2008
_y2690
_ZSchool Collections
995 _aTEXTBOOKS (SBE)
_D0.00
_e5227
_FCBU-SCHOOL TEXTBOOK COLLECTIONS
_H1
_I0.00
_jSCHOOL TEXTBOOK
_M4
_UAVAILABLE
_WSep 2, 2009
_y5227
_ZSchool Collections
999 _c77244
_d77244